El dibujo de publicidad /

Na minha lista:
Detalhes bibliográficos
Autor principal: Freixas, Emilio (autor)
Formato: Livro
Idioma:espanhol
Publicado em: Barcelona, España : Sucesor de E. Meseguer, 1956
Edição:2a edición
Assuntos:
Tags: Adicionar Tag
Sem tags, seja o primeiro a adicionar uma tag!

MARC

LEADER 00000nam^a2200000^a^4500
001 000017190
005 20250521000000.0
009 20260526113454.434
037 |a Acervo ITESO - Biblioteca 
041 |a ESP 
082 |a 741. 67  |b FRE 
100 |a Freixas, Emilio  |e (autor) 
245 1 3 |a El dibujo de publicidad /  |c E. Freixas. 
250 |a 2a edición 
264 1 |a Barcelona, España :  |b Sucesor de E. Meseguer,  |c 1956 
300 |a 136 p. 
336 |a texto  |b txt  |2 rdacontenido 
337 |a sin mediación  |b n  |2 rdamedio 
338 |a volumen  |b nc  |2 rdasoporte 
649 |a XX 
650 |a Publicidad Impresa 
650 |a Diseño Gráfico 
650 |a Comunicación Visual 
650 |a Comunicación Visual 
910 |a Fondo General 
920 |a Impresos - Libros 
930 |a Colección General 
905 |a 101 
901 |a 0500013371  |b IT1  |c ACC  |i 017190  |u 20250521 
902 |a https://opac.biblio.iteso.mx/vufind/Record/000017190